00482nam a2200181Ia 4500003000400000005001700004008004100021020001500062040002900077050002500106100003200131245003000163250001200193260002600205300002200231650002400253650002300277OSt20251029172723.0230105s9999||||xx |||||||||||||| ||und|| a013288805X cChuka University Library aLB 2806.15bO45 2013 aOliva, P.F. and William R.G 0aDeveloping the curriculum a8th ed. aBostonbPearsonc2013 a507pbIllustrated aCurriculum planning aSchool supervision